<?xml version="1.0" encoding="UTF-8"?>
<marc:record xmlns:marc="http://www.loc.gov/MARC21/slim">
   <marc:leader>00000nam a2200000 a 4500</marc:leader>
   <marc:datafield ind1="1" ind2=" " tag="100">
      <marc:subfield code="a">Becker, Ulrich</marc:subfield>
      <marc:subfield code="4">aut</marc:subfield>
      <marc:subfield code="e">Verfasser/-in</marc:subfield>
   </marc:datafield>
   <marc:datafield ind1=" " ind2=" " tag="653">
      <marc:subfield code="a">Ökologie</marc:subfield>
   </marc:datafield>
   <marc:datafield ind1=" " ind2=" " tag="653">
      <marc:subfield code="a">Europa</marc:subfield>
   </marc:datafield>
   <marc:datafield ind1=" " ind2=" " tag="653">
      <marc:subfield code="a">EG-Binnenmarkt</marc:subfield>
   </marc:datafield>
   <marc:datafield ind1=" " ind2=" " tag="653">
      <marc:subfield code="a">EG</marc:subfield>
   </marc:datafield>
   <marc:datafield ind1=" " ind2=" " tag="653">
      <marc:subfield code="a">Umweltrecht</marc:subfield>
   </marc:datafield>
   <marc:datafield ind1="0" ind2="0" tag="245">
      <marc:subfield code="a">Der Gestaltungsspielraum der EG-Mitgliedstaaten im Spannungsfeld zwischen Umweltschutz und freiem Warenverkehr</marc:subfield>
   </marc:datafield>
   <marc:datafield ind1=" " ind2="1" tag="264">
      <marc:subfield code="a">Baden-Baden</marc:subfield>
      <marc:subfield code="b">Nomos</marc:subfield>
      <marc:subfield code="c">1991</marc:subfield>
   </marc:datafield>
   <marc:datafield ind1="1" ind2=" " tag="520">
      <marc:subfield code="a">PZ 4/91*392 (WWT)Der Autor beschäftigt sich mit der Beschränkung des Gestaltungsspielraums durch EG-Primär- und Sekundärrechte, erörtert Ausnahmemöglichkeiten und diskutiert u.a. die Folgen der Abschaffung der Grenkontrollen in der EG. Die zentrale Fragestellung der vorliegenden Arbeit lautet: Welche Möglichkeiten bleiben den EG-Mitgliedstaaten, um, gemessen an dem bestehenden Gemeinschaftsrecht, strengere Umweltschutzvorschriften einzuführen bzw. bestehende strengere Umweltschutzvorschriften weiterhin anzuwenden, wobei sich die Untersuchung lediglich auf die Vorschriften des EWG-Vertrags und die auf der Grundlage dieses Vertrags ergangenen EG-Vorschriften bezieht.</marc:subfield>
   </marc:datafield>
   <marc:datafield ind1="0" ind2=" " tag="490">
      <marc:subfield code="v">0</marc:subfield>
   </marc:datafield>
   <marc:datafield ind1=" " ind2=" " tag="300">
      <marc:subfield code="a">171 S.</marc:subfield>
   </marc:datafield>
</marc:record>
